Countries most similar to saint Kitts and Nevis - Statistics

General Stats
  • This quiz has been taken 9 times
  • The average score is 14 of 20
Answer Stats
Rank Country % Correct
1 Antigua and Barbuda
88%
15 Cuba
88%
13 Haiti
88%
7 Jamaica
88%
4 St Lucia
88%
2 St Vincent
88%
9 Bahamas
75%
6 Barbados
75%
10 Belize
75%
3 Dominica
75%
14 Dominican Republic
75%
5 Grenada
75%
8 Trinidad and Tobago
75%
11 Guyana
63%
18 Seychelles
63%
12 Suriname
63%
20 Maldives
50%
17 Mauritius
50%
16 Fiji
38%
19 Sri Lanka
25%
No matching quizzes found
Score Distribution
Percent of People with Each Score
Percentile by Number Answered
Your Score History
You have not taken this quiz